The VNR Concise Encyclopedia of Mathematics / (Record no. 12179)

MARC details
000 -LEADER
fixed length control field 00967cam a2200277 i 4500
001 - CONTROL NUMBER
control field 817058
003 - CONTROL NUMBER IDENTIFIER
control field EG-ScBUE
005 - DATE AND TIME OF LATEST TRANSACTION
control field 20260106100759.0
008 - FIXED-LENGTH DATA ELEMENTS--GENERAL INFORMATION
fixed length control field 760704r1977 nyuaf 001 0 eng
020 ## - INTERNATIONAL STANDARD BOOK NUMBER
International Standard Book Number 0442226462
040 ## - CATALOGING SOURCE
Original cataloging agency DLC
Language of cataloging eng
Description conventions rda
Transcribing agency DLC
Modifying agency DLC
-- EG-ScBUE
082 04 - DEWEY DECIMAL CLASSIFICATION NUMBER
Classification number 510.3
Edition number 22
Item number VNR
130 0# - MAIN ENTRY--UNIFORM TITLE
Uniform title Mathematik.
Language of a work English.
9 (RLIN) 7482
245 04 - TITLE STATEMENT
Title The VNR Concise Encyclopedia of Mathematics /
Statement of responsibility, etc editors W. Gellert [and three others]
264 #1 - PUBLICATION, DISTRIBUTION, ETC. (IMPRINT)
Place of publication, distribution, etc New York :
Name of publisher, distributor, etc Van Nostrand Reinhold Co.,
Date of publication, distribution, etc 1977.
300 ## - PHYSICAL DESCRIPTION
Extent 760 pages, [28] leaves of plates :
Other physical details illustrations ;
Dimensions 24 cm
336 ## - CONTENT TYPE
Source rdacontent
Content type term text
Content type code txt
337 ## - MEDIA TYPE
Media type term unmediated
Source rdamedia
Media type code n
338 ## - CARRIER TYPE
Carrier type term volume
Carrier type code nc
Source rdacarrier
500 ## - GENERAL NOTE
General note Previously published under title: Mathematics at a glance.
500 ## - GENERAL NOTE
General note Includes index.
650 #7 - SUBJECT ADDED ENTRY--TOPICAL TERM
Topical term or geographic name as entry element Mathematics
General subdivision Handbooks, manuals, etc.
Source of heading or term BUEsh
9 (RLIN) 7483
655 ## - INDEX TERM--GENRE/FORM
Form subdivision Reading book
700 1# - ADDED ENTRY--PERSONAL NAME
Personal name Gellert, Walter,
Relator term editor.
9 (RLIN) 7484
942 ## - ADDED ENTRY ELEMENTS (KOHA)
Source of classification or shelving scheme Dewey Decimal Classification
Koha item type Reference (NB)
Holdings
Withdrawn status Lost status Source of classification or shelving scheme Damaged status Not for loan Collection code Home library Current library Shelving location Date acquired Source of acquisition Cost, normal purchase price Total Checkouts Full call number Barcode Date last seen Price effective from Koha item type
    Dewey Decimal Classification     Alef-Baa Central Library Central Library Ground Floor 05/07/2009 Purchase 150.00   510.3 VNR 000017225 15/07/2025 05/07/2009 Reference (NB)